| 000 | 00888nam a2200205 a 4500 | ||
|---|---|---|---|
| 008 | 120416s2003 ||||||||||||||||| || u | ||
| 020 | _a0750651032 | ||
| 050 | _aTA 439 Adv | ||
| 100 | _aChoo, Ban Seng | ||
| 245 | 1 | 0 |
_aAdvanced concrete technology: constituent materials _cedited by John Newman and Ban Seng Choo |
| 260 |
_aOxford: _bElsevier _c2003 |
||
| 300 | _aVarious pagings : ill. | ||
| 350 | _a0.00 | ||
| 500 | _aIncludes appendix and index | ||
| 650 | _aCONCRETE CONSTRUCTION | ||
| 650 | _aCONCRETE | ||
| 700 | _aNewman, John | ||
| 995 |
_aMAIN LIBRARY OPEN ACCESS _D0.00 _e735743 _FCBU-MAIN LIBRARY (Kitwe) _H1 _I25.50 _jTA 439 Adv _M1 _UAVAILABLE _WApr 26, 2006 _y48794 _ZMain Library Open Access Collection |
||
| 995 |
_aMAIN LIBRARY OPEN ACCESS _D0.00 _e739927 _FCBU-MAIN LIBRARY (Kitwe) _H1 _I0.00 _jTA 439 ADV _M2 _UAVAILABLE _WMay 18, 2009 _y739927 _ZMain Library Open Access Collection |
||
| 999 |
_c83693 _d83693 |
||